000 00647nam a22002417a 4500
003 UA-OsUOA
001 65038
007 ta
008 20091112b un ||||| |||| 00| 0 ukr d
100 _aСніжко В.
090 _a82.09(477)
_bС53
942 _cBK
040 _aUA-OsUOA
_bukr
_cUA-OsUOA
_dUA-OsUOA
245 _aОводи Василя Симоненка
300 _a176 с.
955 _a1
041 _aukr
080 _a82.09(477)
020 _a966-693-089-7
260 _aЧеркаси
_bВідлуння-Плюс
_c2006
650 7 _a82 Література. Літературознавство
_2UDC
999 _c351147
_d351147